| 000 | 00397pam a2200157 a 4500 | ||
|---|---|---|---|
| 020 |
_a9780071737692 _c |
||
| 041 | _h | ||
| 082 |
_a617.3 _bPRE |
||
| 100 | _aPRENTICE W.E., QUILLEN W.S., UNDERWOOD F. | ||
| 245 |
_aTHERAPEUTIC MODALITIES IN REHABILITATION _hTextual Documents |
||
| 250 | _a4. | ||
| 260 |
_bMCGRAW HILL _c2011 |
||
| 300 |
_a598: _bXXII; _cHB. |
||
| 930 | _a5516 | ||
| 999 |
_c800043 _d800043 |
||
| 650 | _aORTHO | ||